TV Shows in Chronological Order Quiz Stats

 Plays Quiz not verified by Sporcle

Challenge
Share
Tweet
Score 0/15 Timer 03:00
0 Plays Today
TV Show % Correct
60 Minutes
99.4%
The Simpsons
97.4%
Family Guy
92.4%
The Amazing Race
88.6%
American Idol
87.6%
NCIS
86.1%
House
82.9%
The Office
80.7%
TV Show % Correct
Grey's Anatomy
76.1%
Dancing With The Stars
74.3%
Dexter
70.9%
Criminal Minds
70.7%
Modern Family
68.5%
The Big Bang Theory
68.3%
Jersey Shore
66.7%

You're not logged in!

Compare scores with friends on all Sporcle quizzes.
OR
Log In

You Might Also Like...

Show Comments

Extras

Top Quizzes Today


Score Distribution

Your Account Isn't Verified!

In order to create a playlist on Sporcle, you need to verify the email address you used during registration. Go to your Sporcle Settings to finish the process.

Report this User

Report this user for behavior that violates our Community Guidelines.

Details: